| 000 | 01677nam a2200205 4500 | ||
|---|---|---|---|
| 005 | 20250329165444.0 | ||
| 008 | 190415s2019 000 0 eng d | ||
| 040 |
_aCO-CtgCURN _bspa _ccoctgcurn |
||
| 082 | 0 |
_aINQ 2019 _bB265 |
|
| 100 | 1 | _aBaron Puerto, Luisa María. | |
| 245 | 1 | 0 |
_aProtocolo de manejo de material de osteosíntesis / _cLuis Maria Baron Puerto. |
| 260 |
_aCartagena de Indias : _bCorporación Universitaria Rafael Nuñez, _c2019. |
||
| 300 | _a82 hojas. | ||
| 504 | _aTrabajo de grado (Instrumentación quirúrgica). Corporación Universitaria Rafael Nuñez. Facultad de Ciencias de la Salud. Instrumentación Quirúrgica, 2019. | ||
| 520 | _a"El presente protocolo se aplica a la central de esterilización del Hospital Regional de la Orinoquía, al especialista que solicita el material, a la oficina de programación y a el área de cirugía, es de obligatorio cumplimiento para el personal que participa en el proceso del manejo del material de osteosíntesis. Desde que el especialista solicita el material de osteosíntesis, cotización, autorización, programación del procedimiento quirúrgico, lavado, secado, empaque, esterilización, realización del procedimiento quirúrgico, lavado, secado, facturado y salida de la institución junto con la remisión de la casa comercial. " | ||
| 650 | 0 |
_aInstrumentación quirúrgica _vTesis y disertaciones academicas. |
|
| 856 |
_uhttps://unicurn.sharepoint.com/:b:/s/biblioteca/EZLsv2FCelJHpbxkFf0QBMMBTtjNHZcvQ8kU7Om71WBzXg?e=YpwtVm _zClick aqui para ver el recurso en texto completo |
||
| 942 |
_2ddc _cTG _hINQ 2019 _iB265 |
||
| 999 |
_c4585 _d4585 |
||